1132 1004 1131 1514 1303 1637 1405 1241 1406 1746 1108 1969 1374 1884 1280 1311 1062 1998 1800 1538 1136 1524 1918 1202 1033 1021 1319 1158 1327 1114 1386 1020 1741 1642 1529 1643 1354 1206 1933 1596 1357 1107 1608 1370 1307 1543 1910 1142 1582 1190 1964 1777 1000 1590 1393 1899 1804 1427 1271 1347 1281 1272 1454 1841 1198 1148 1866 1480 1908 1799 1256 1050 1704 1471 1274 1554 1709 1746 1240 1199 1619 1600 1271 1350 1149 1480 1846 1465 1008 1525 1755 1839 1905 1625 1171 1584 1171 1274 1264 BCNSPRNW ULIB Ver.6.0+V

เปลี่ยนเป็นภาษาไทย

Change to English
 แสดงรายละเอียดบรรณานุกรม
  กลับหน้าหลัก

Brief Record : Get Marc (ISO 2709) : E-mail record : QR code < ปิดหน้าต่าง
LEADER : 00000nam 2200000uu 4500
001    13399126992
003     ULIB
008    190924s2562||||th 000 0 tha d
020    ^a9786163142658
060    ^aWT100^bพ993ก
100    ^aไพลวรรณ สัทธานนท์
245    ^aกายภาพบำบัดในผู้สูงอายุ (Physical Therapy for Older People)
250    ^aพิมพ์ครั้งที่ 1
260    ^aปทุมธานี :^bมหาวิทยาลัยธรรมศาสตร์,^c2562
300    ^a97 หน้า^bภาพประกอบ, ตาราง, ภาคผนวก
650    ^aผู้สูงอายุ^xสุขภาพและอนามัย
650    ^aกายภาพบำบัด
945    ^p65^l0^i27789
945    ^p65^l0^i27792
945    ^p65^l0^i27791
945    ^p65^l0^i27790
945    ^p65^l0^i27793
999    ^aกัณชพร จุลอักษร
รายการนี้ยังไม่มีแท็ก
คุณยังไม่ได้ล็อกอิน คุณสามารถมีกิจกรรมร่วมกับเว็บไซต์ได้ แต่ต้องล็อกอินก่อน ::
  ล็อกอิน

รายการสื่อสารสนเทศ

ลำดับที่ ประเภท เลขเรียก/บาร์โค้ด สถานที่ สถานะ
1. หนังสือสำรอง
หนังสือสำรอง
WT100 พ993ก ฉ.1 
  Barcode: 27789
ห้องสมุดวิทยาเขตนครสวรรค์
►หนังสือทั่วไป:l:General Books
บนชั้น
2. วิทยาศาสตร์การแพทย์ และสุขภาพ
วิทยาศาสตร์การแพทย์ และสุขภาพ
WT100 พ993ก ฉ.2 
  Barcode: 27790
ห้องสมุดวิทยาเขตนครสวรรค์
►หนังสือทั่วไป:l:General Books
บนชั้น
3. วิทยาศาสตร์การแพทย์ และสุขภาพ
วิทยาศาสตร์การแพทย์ และสุขภาพ
WT100 พ993ก ฉ.3 
  Barcode: 27791
ห้องสมุดวิทยาเขตนครสวรรค์
►หนังสือทั่วไป:l:General Books
บนชั้น
4. วิทยาศาสตร์การแพทย์ และสุขภาพ
วิทยาศาสตร์การแพทย์ และสุขภาพ
WT100 พ993ก ฉ.4 
  Barcode: 27792
ห้องสมุดวิทยาเขตนครสวรรค์
►หนังสือทั่วไป:l:General Books
บนชั้น
5. วิทยาศาสตร์การแพทย์ และสุขภาพ
วิทยาศาสตร์การแพทย์ และสุขภาพ
WT100 พ993ก ฉ.5 
  Barcode: 27793
ห้องสมุดวิทยาเขตนครสวรรค์
►หนังสือทั่วไป:l:General Books
บนชั้น

รายการใกล้เคียง
    ชื่อเรื่อง [กายภาพบำบัดในผู้สูงอายุ (Physical Therapy for Older People)]

    ผู้แต่ง [ไพลวรรณ สัทธานนท์]

    หัวเรื่อง [กายภาพบำบัด]

BibComment


ยังไม่เคยถูกคอมเมนท์

คอมเมนท์ทรัพยากรรายการนี้
  คอมเมนท์: กายภาพบำบัดในผู้..


 Copyright 2026. Bcnsprnw @Library